000 00212nam a22000977a 4500
999 _c16210
_d16210
003 OSt
008 200624b ||||| |||| 00| 0 eng d
100 _aNarayana, Iyyer
_94627
245 _aIndian History
942 _cBK